Motoring towards 2050 - let's be realistic (Record no. 70682)

MARC details
000 -LEADER
fixed length control field 01180cam a2200217 4500
001 - CONTROL NUMBER
control field ABS65667
008 - FIXED-LENGTH DATA ELEMENTS--GENERAL INFORMATION
fixed length control field 020704n2002 000 0 eng u
035 ## - SYSTEM CONTROL NUMBER
System control number (Sirsi) u118683
245 ## - TITLE STATEMENT
Title Motoring towards 2050 - let's be realistic
260 ## - PUBLICATION, DISTRIBUTION, ETC.
Date of publication, distribution, etc. 2002
490 ## - SERIES STATEMENT
Series statement Town & Country Planning
Volume/sequential designation 71(6) June 2002, 158-160(3)
520 ## - SUMMARY, ETC.
Summary, etc. Discusses the RAC Foundation report, 'Motoring Towards 2050: An Independent Inquiry'. Criticises the reports preoccupation with the inevitability of more car traffic growth; with a rise of nearly 50% predicted by 2031. Also argues against the report's insistence that a sustained programme of road building is crucial to stop congestion and damage to the environment. Indeed the report's claims that zero emission vehicles can appear on the market and totally replace the internal combustion engine is open to dobut as the energy needed to extract the hydrogen cannot necessarily come from renewable sources or nuclear power.
590 ## - LOCAL NOTE (RLIN)
Local note ABS
650 ## - SUBJECT ADDED ENTRY--TOPICAL TERM
Topical term or geographic name entry element RAC
650 ## - SUBJECT ADDED ENTRY--TOPICAL TERM
Topical term or geographic name entry element CAR INDUSTRY
650 ## - SUBJECT ADDED ENTRY--TOPICAL TERM
Topical term or geographic name entry element CAR OWNERSHIP
650 ## - SUBJECT ADDED ENTRY--TOPICAL TERM
Topical term or geographic name entry element ROAD DEVELOPMENT
650 ## - SUBJECT ADDED ENTRY--TOPICAL TERM
Topical term or geographic name entry element RENEWABLE ENERGY
690 ## - LOCAL SUBJECT ADDED ENTRY--TOPICAL TERM (OCLC, RLIN)
Topical term or geographic name as entry element TRANSPORT AND COMMUNICATIONS
942 ## - ADDED ENTRY ELEMENTS (KOHA)
Suppress in OPAC 0
Holdings
Withdrawn status Lost status Source of classification or shelving scheme Damaged status Not for loan Home library Current library Shelving location Date acquired Total Checkouts Full call number Barcode Date last seen Copy number Price effective from Koha item type
    Dewey Decimal Classification     London London Journal article 04/07/2002   ABS65667 118683-1001 06/08/2019 1 06/08/2019 Journal article